000 00730nam a2200217Ia 4500
003 OSt
005 20220819105107.0
008 210716s2017 xx 000 0 und d
020 _a9781787122932
040 _cAIMIT LIBRARY
041 _aeng
082 _a005.448
_21
_bYADM
100 _aYadav, Manisha.
_955037
245 _aLearning azure functions :
_bbuild scalable cloud systems with serverless architecture /
_cBy Manisha Yadav and Mitesh Soni.
250 _a1st ed.
260 _aMumbai :
_bPackt Publishing Ltd ,
_c2017 .
300 _aiii, 222p. ;
_bPB
_c23.5 cm.
650 _aIntegration of application insights and azure functions
_955038
700 _aSoni, Mitesh.
_955039
942 _2ddc
_cBK
_e1st
_k005.448 YADM
999 _c196613
_d196613